000 01138nam a2200313 i 4500
001 000041892
003 DO-SdBNP
005 20250710125610.0
007 ta
008 131021s2007 dr 000 0 spa d
040 _aDO-SdBNP
_bspa
_cBNPHU
_erda
041 _aspa
082 4 _a344.729301
_bR426c 2007
_222
110 1 _aRepública Dominicana
_9447
240 1 0 _a[Leyes, decretos, etc.]
245 1 0 _aCódigo de trabajo de la República Dominicana :
_bley 16-92 y reglamento para su aplicación (incluye ley 97-97).
246 1 4 _aCódigo de trabajo y reglamento para su aplicación
264 _aSanto Domingo :
_bSecretaría de Estado de Trabajo,
_c2007.
300 _a191 páginas ;
_c21 cm.
336 _atexto
_btxt
_2rdacontent
337 _asin mediación
_bn
_2rdamedia
338 _avolumen
_bnc
_2rdacarrier
590 _aInventariado, 2018/VM
650 4 _aDerecho laboral
_zRepública Dominicana
_97337
650 4 _aLegislación laboral
_zRepública Dominicana
_911733
710 1 _aRepública Dominicana.
_bSecretaría de Estado de trabajo
_9491
910 _aValidado. Control de calidad MFF
942 _2ddc
_cLBS1
999 _c41381
_d41381